| 000 | 00839nab a2200253 u 4500 | ||
|---|---|---|---|
| 001 | 04548 | ||
| 003 | HDC | ||
| 007 | cr bn --- | ||
| 008 | 210116p xx n |0 eng | ||
| 040 | _aHDC | ||
| 245 | 0 | _aBUILDING ENTREPRENEURSHIP IN MALAYSIA | |
| 260 |
_a[No place] : _b[publisher not identified], _c[no year] |
||
| 300 | _a1 online resource (6 pages) | ||
| 336 |
_atext _2rdacontent |
||
| 337 |
_acomputer _2rdamedia |
||
| 338 |
_aonline resource _2rdacarrier |
||
| 650 |
_aBranding (Marketing) _91064 |
||
| 650 |
_aEntrepreneurship _zMalaysia _91841 |
||
| 650 |
_aSmall business _9208 |
||
| 856 | _zRequest full-text at [email protected] | ||
| 942 | _2lcc | ||
| 942 | _cAR | ||
| 942 | _kJART 000081 | ||
| 999 |
_c1873 _d1873 |
||